| Tag |
First Indicator |
Second Indicator |
Subfields |
| LEADER |
00000cam a2200000 4500 |
| 001 |
in00000046326 |
| 005 |
20151007071319.0 |
| 008 |
761108s1911 nyuaf b 00010 eng |
| 010 |
|
|
|a 11025026
|
| 035 |
|
|
|a (OCoLC)02546389
|
| 035 |
|
|
|9 AAE5730AM
|
| 040 |
|
|
|a DLC
|c OHI
|d OCL
|d TXA
|d UtOrBLW
|
| 049 |
|
|
|a TXAM
|c [1580]
|
| 050 |
0 |
0 |
|a QH431
|b .C3
|
| 092 |
|
|
|a 575.1
|b C353h
|
| 100 |
1 |
|
|a Castle, William E.
|q (William Ernest),
|d 1867-1962.
|
| 245 |
1 |
0 |
|a Heredity in relation to evolution and animal breeding /
|c by William E. Castle.
|
| 264 |
|
1 |
|a New York,
|a London :
|b D. Appleton and company,
|c 1911.
|
| 300 |
|
|
|a xii, 184 pages :
|b illustrations, plates, diagrams ;
|c 20 cm.
|
| 336 |
|
|
|a text
|b txt
|2 rdacontent
|
| 337 |
|
|
|a unmediated
|b n
|2 rdamedia
|
| 338 |
|
|
|a volume
|b nc
|2 rdacarrier
|
| 500 |
|
|
|a "Based on a course of eight lectures delivered in November and December, 1910, before the Lowell institute, Boston, as well as on a course of five lectures delivered before the Graduate school of agriculture held under the auspices of the Association of agricultural colleges and experiment stations at Ames, Iowa, in July, 1910."--Pref.
|
| 504 |
|
|
|a Bibliography at end of each chapter.
|
| 650 |
|
0 |
|a Heredity.
|
| 999 |
|
|
|a MARS
|
| 999 |
f |
f |
|s 22d07bf3-3611-36b7-8a36-c9af49065281
|i 874f6f23-e2a9-3092-a9d3-19e091842a1a
|t 0
|
| 952 |
f |
f |
|p ric
|a Texas A&M University
|b Rellis Campus
|c Joint Library Facility
|d Remote Storage
|t 0
|e QH431 .C3
|h Library of Congress classification
|i unmediated -- volume
|m A14800978218
|
| 998 |
f |
f |
|a QH431 .C3
|t 0
|l Remote Storage
|